000 00719cam a2200205 4500
001 WB3605-37
008 000000n2000 000 0 eng u
035 _a(Sirsi) u103924
245 _aOut of the woods and into the blue
260 _c2000
490 _aTimes Weekend
_v 29 January 2000, 17(2)
520 _aReports on the new trend in UK forestry, which will lead to forests containing trees of varying ages and a mixture of conifers and broadleaves. The change will leave trees to develop naturally and achieve their full size.
590 _aWB
650 _aFORESTRY
650 _aCONIFERS
650 _aBROADLEAVES
650 _aNATURAL AREAS
690 _aRURAL-AGRICULTURE AND FORESTRY
942 _n0
999 _c62376
_d62376